000 02940nam a2200313Ia 4500
003 OSt
005 20210128175127.0
008 191128s2007 ck ad fr 000 0 spa d
020 _a9789587140835
040 _aCO-JMCR
_cCO-JMCR
041 0 _aspa
082 0 4 _a330 /
_bM578c
_223
100 1 _aMesa Callejas, Ramón Javier,
_dcoordinador
_94640
245 1 0 _aCaracterización económica del Municipio de Rionegro, Antioquia, 2004-2006 /
_cRamón Javier Mesa Callejas coordinador, Mauricio López González investigador, Leidy Yomary García Pérez asistente de investigación
250 _aPrimera edición
260 _aMedellín :
_bUniversidad de Antioquia,
_c2007
300 _a120 páginas :
_bgráficos a color y a blanco y negro ;
_c24 cm.
500 _aIncluye notas a pie de página y datos biográficos de los autores.
504 _aBibliografía: páginas 115-118
505 0 _aEvolución reciente de la economía del Oriente antioqueño: algunas consideraciones -- Rionegro en el contexto subregional -- Caracterización del mercado laboral -- Perspectivas
520 3 _aEste trabajo caracteriza la actividad económica del Municipio de Rionegro, (Antioquía) en el período 2004-2006. A partir del análisis de la evolución de su estructura productiva, las dinámicas recientes en los principales sectores económicos y las características de su mercado laboral; todo enmarcado en el contexto del desempeño reciente de la economía del Oriente antioqueño. El dinamismo económico de esta región ha tenido especial relevancia en el Municipio de Rionegro como resultado, entre otros factores, del abastecimiento de productos agrícolas y materias primas para el Área Metropolitana del Valle de Aburrá, del acelerado desarrollo urbano y turístico, de su infraestructura vial, de servicios y, telecomunicaciones de carácter departamental y nacional y por los servicios hoteleros de alta calidad. Rionegro es considerado eje central de la subregión, por su aparato productivo y laboral que le han permitido apalancar el desarrollo socioeconómico de la zona y servir como modelo y referente en sus prácticas administrativas. Este libro está dividido en tres capítulos: el primero reseña la evolución reciente de la economía del Oriente antioqueño, teniendo en cuenta la evolución de sus principales variables económicas; el segundo, caracteriza el municipio por actividades económicas, y el tercero, analiza su mercado laboral con base en los resultados de una encuesta realizada en el marco del proyecto de investigación.
650 1 4 _aMercado laboral
_zColombia
_94641
650 1 4 _aSector fiscal
_zColombia
_94642
650 1 4 _aSector financiero
_zColombia
_94643
650 1 4 _aActividad económica
_zColombia
_94644
700 1 _aLópez González, Mauricio,
_einvestigador
_94645
700 1 _aGarcía Pérez, Leidy Yomary,
_easistente de investigación
_94646
942 _2ddc
_cBK
999 _c5633
_d5633